000 01030nam0a22002891 4500
001 rc\2301007
005 20110829140651.0
035 _a(NLR Aleph) 006569659
090 _a6931161
_c6931161
100 _a20110829d1977 |||y0rusy50 ca
101 0 _arus
102 _aRU
105 _aa j |||||
200 1 _aБоевое маневрирование вертолетов
_eЛекции
_fК. т. н., доц. полк.-инж. полк. А.М. Крылов, подполк.-инж. А.И. Устенко
210 _aМонино
_cБ. и.
_d1977
215 _a80 с., 1 л. граф.
_cил.
_d21
300 _aВ надзаг.: Воен.-воздуш. акад. им. Ю.А. Гагарина
320 _aБиблиогр.: с. 77
333 _aДля внутривед. продажи
700 1 _aКрылов
_bА. М.
701 1 _aУстенко
_bА. И.
801 0 _aRU
_bNLR
_gpsbo
801 1 _aRU
_bELAR
_2rusmarc
852 _aNLR
_j81-50К/240
899 _aRuMoRGB
_jВО 707/135
942 _cBOOK
980 _aNB